000 01103nam a2200229Ia 4500
001 10118
003 GE_BSU
008 181216s||||||||xx |||||||||||||| ||und||
020 _a9789941065545
040 _cGE_BSU
080 _a94(479.22)
100 _aვადაჭკორია,შოთა
245 _aქვეყნის წინაშე ჩადენილი დანაშაული თუ ღალატი (1991-1992 წლების დეკემბერ–იანვრის მოვლენების შეფასებისათვის)
245 _cრედ.დიმიტრი შველიძე
260 _aთბილისი
260 _bგეორგიკა
260 _c2014
300 _a43გვ.20სმ.
653 _a1991-1992 წლების დეკემბერ–იანვრის მოვლენების შეფასებისათვის
653 _aქვეყნის წინაშე ჩადენილი დანაშაული თუ ღალატი
942 _cBK
999 _c43390
_d43390